Italian Regions by Population - Statistics

General Stats
  • This quiz has been taken 12 times
  • The average score is 18 of 20
Answer Stats
Hint Answer % Correct
4,446,220 Emilia-Romagna
100%
5,864,321 Lazio
100%
10,103,969 Lombardy
100%
1,628,384 Sardinia
100%
4,969,147 Sicily
100%
3,722,729 Tuscany
100%
4,865,380 Veneto
100%
4,063,888 Apulia
92%
1,877,527 Calabria
92%
5,869,029 Campania
92%
1,557,533 Liguria
92%
4,269,714 Piedmont
92%
1,072,276 Trentino-Alto Adige
92%
575,902 Basilicata
83%
1,541,692 Marche
83%
308,493 Molise
83%
889,001 Umbria
83%
1,305,770 Abruzzo
75%
126,933 Aosta Valley
75%
1,216,524 Friulia Venezia Giulia
33%
No matching quizzes found
Score Distribution
Percent of People with Each Score
Percentile by Number Answered
Your Score History
You have not taken this quiz